000 00341pab a2200145 454500
008 180718b82-3 xxu||||| |||| 00| 0 eng d
100 _aKlauss, Rudi
245 _aManagerial work and executive development
260 _c82-3
300 _a53-7
362 _aWinter
650 _aExecutives - U.S.A.
773 _aBureaucrat
909 _a7917
999 _c7917
_d7917